00317nam a2200109 a 4500082001200000100001900012245005100031260003000082300000900112520007200121650001400193 a543 RIN1 aRingbom,Anders10aComplexation in Analytical chemistry :vol.xvi aLondonbInterscincec1963 a386p aA series of monographs on Analytical Chemistry and its Applications achemistry